Manual de historia eclesiástica / (Record n. 10033)

Dettagli MARC
000 -LEADER
fixed length control field 00717nam a2200229 i 4500
003 - CONTROL NUMBER IDENTIFIER
control field IT-RoINE
005 - DATE AND TIME OF LATEST TRANSACTION
control field 20150902101253.0
008 - FIXED-LENGTH DATA ELEMENTS--GENERAL INFORMATION
fixed length control field 920725s1946 sp r | spa d
040 ## - CATALOGING SOURCE
Original cataloging agency SpMaBN
Transcribing agency IT-RoINE
Modifying agency IT-RoINE
100 1# - MAIN ENTRY--PERSONAL NAME
Personal name Llorca, Bernardino,
9 (RLIN) 5682
Titles and other words associated with a name S.I.,
Dates associated with a name 1898-1985
245 10 - TITLE STATEMENT
Title Manual de historia eclesiástica /
Statement of responsibility, etc por el P. Bernardino Llorca S.J.
250 ## - EDITION STATEMENT
Edition statement 2ª ed. revisada.
260 ## - PUBLICATION, DISTRIBUTION, ETC. (IMPRINT)
Place of publication, distribution, etc Barcelona :
Name of publisher, distributor, etc Labor,
Date of publication, distribution, etc 1946.
300 ## - PHYSICAL DESCRIPTION
Extent XXXII, 921 p. ;
Dimensions 22 cm.
336 ## - CONTENT TYPE
Source rdacontent
Content type term text
337 ## - MEDIA TYPE
Source rdamedia
Media type term unmediated
338 ## - CARRIER TYPE
Source rdacarrier
Carrier type term volume
500 ## - GENERAL NOTE
General note Incluye índices.
504 ## - BIBLIOGRAPHY, ETC. NOTE
Bibliography, etc Bibliografía: p. [862]-875
610 24 - SUBJECT ADDED ENTRY--CORPORATE NAME
9 (RLIN) 1635
Corporate name or jurisdiction name as entry element Iglesia Católica
General subdivision Historia
942 ## - ADDED ENTRY ELEMENTS (KOHA)
Item type Monografías
Dati di copia
Withdrawn status Lost status Damaged status Not for loan Home library Current library Date acquired Total Checkouts Full call number Barcode Date last seen Price effective from Koha item type
        Iglesia Nacional Española en Roma Iglesia Nacional Española en Roma 02/09/2015   HIS.ECL 23 16889 02/09/2015 02/09/2015 Monografías